000 00480nam a22001697a 4500
003 0
005 20250325113448.0
008 231221b xxu||||| |||| 00| 0 eng d
020 _a978-0-72328-177-1
050 _aER
_bBea371 2014
082 _aER
_bBea371 2014
245 _aLadybird tales :
_bbeauty and the beast
260 _aLondon
_bLadybird Books Ltd.
_cc2014.
300 _a42 pages :
_bcolored illustrations ;
_c21cm.
650 _aChildrens stories.
942 _2ddc
_cBK
999 _c365761
_d365761